Paroles de la chanson Ah ! Les crocodiles - Statistiques

Statistiques générales
  • Ce quiz a été pris 115 fois
  • Le résultat moyen est 158 sur 249
Statistiques - réponses
Réponse % Correct
à
100%
l'
100%
cro
99%
crocodil'
98%
Le
98%
les
98%
Les
98%
s'
97%
S'
97%
crocodile
96%
en
92%
d'
91%
Il
91%
il
91%
N'
91%
n'
91%
plus
87%
parlons
86%
du
85%
sont
85%
Sur
85%
sur
85%
crocodiles
84%
Ah
83%
ils
83%
Nil
83%
partis
83%
bords
81%
Un
80%
un
80%
la
76%
76%
guerre
63%
allait
55%
allant
52%
Se
51%
éléphant
48%
au
44%
de
44%
combat
43%
dans
43%
Dans
43%
combattre
42%
éléphants
42%
ses
42%
revoir
39%
poussière
37%
Disait
35%
sa
34%
Trainant
31%
petits-enfants
26%
une
25%
queue
24%
et
22%
Et
22%
On
19%
tout
17%
ce
15%
dents
15%
militaire
13%
gueule
12%
Mais
12%
marche
12%
y
12%
Quand
11%
dedans
10%
entière
10%
était
10%
fredonnait
10%
grosses
10%
rivière
10%
terre
10%
croyait
9%
Dont
9%
géants
9%
mots
9%
prépara
9%
ennemis
8%
jeta
8%
mâchait
8%
ouvrait
8%
subitement
8%
voir
8%
grand'
6%
Comm'
5%
forêt
5%
parut
5%
courait
4%
près
4%
vers
4%
devant
3%
agitait
2%
altière
2%
animaux
2%
arrière
2%
avance
2%
enfuyaient
2%
fière
2%
mine
2%
tremblants
2%
triomphant
2%
trompe
2%
alors
1%
chant
1%
crainte
1%
Notre
1%
rempli
1%
retourna
1%
salutaire
1%
accompagner
0%
Voulut
0%
Aucun quiz correspondant
Distribution des résultats
% des personnes avec chaque résultat
Percentile par nombre de réponses
Votre historique - résultats
Vous n’avez pas pris ce quiz